House of cards. The complete fifth season / ... Read More
Available copies
- 1 of 1 copy available at LARL/NWRL Consortium.
- 1 of 1 copy available at Northwest Regional Library. (Show preferred library)
Current holds
0 current holds with 1 total copy.
Show Only Available Copies
| Location | Call Number / Copy Notes | Barcode | Shelving Location | Status | Due Date |
|---|---|---|---|---|---|
| Warroad Public Library | DVD HOU (Text) | 35500006341984 | Main | Available | - |
Record details
- Physical Description: 4 videodiscs (683 min.) : sound, color ; 4 3/4 in.
- Publisher: Culver City, California : Sony Pictures Home Entertainment, [2017]
Content descriptions
| General Note: | Based on the novels by Michael Dobbs & the mini-series by Andrew Davies. Originally released on May 30, 2017 as individual episodes on Netflix. Wide screen. |
| Participant or Performer Note: | Kevin Spacey, Robin Wright, Michael Kelly, ... Read More |
| Summary, etc.: | In the midst of the presidential election, ... Read More |
| System Details Note: | DVD; region 1; Dolby digital 5.1. |
| Language Note: | English or French dialogue; Chinese (Traditional), ... Read More |
Search for related items by subject
| Subject: | Politicians > United States > Drama. Politicians > Corrupt practices > Drama. Washington (D.C.) > Drama. United States > Politics and government > Drama. |
| Genre: | Television series. Fiction television programs. Television adaptations. Political television programs. |
| Topic Heading: | Closed-captioned DVDs. |
Search for related items by series
| LDR | 03862cgm a2200817Ii 4500 | ||
|---|---|---|---|
| 001 | 349326 | ||
| 003 | LARL_NWRL_CONSORTIUM | ||
| 005 | 20200724173124.0 | ||
| 007 | vd cvaizq | ||
| 008 | 170829s2017 cau683 vleng d | ||
| 024 | 1 | . | ‡a043396506992 |
| 024 | 1 | . | ‡a043396517271 |
| 028 | 4 | 1. | ‡a50699 ‡bColumbia Pictures |
| 028 | 4 | 1. | ‡a51727 ‡bSony Pictures Home Entertainment |
| 035 | . | ‡a(OCoLC)1002134081 | |
| 037 | . | ‡bMidwest Tape ‡nhttp://www.midwesttapes.com | |
| 040 | . | ‡aTEFMT ‡beng ‡erda ‡cTEFMT ‡dTEF ‡dTEFMT ‡dOCP ‡dINO ‡dIH9 ‡dRB0 ‡dOCLCF ‡dVP@ ‡dGZD | |
| 041 | 1 | . | ‡aeng ‡afre ‡jchi ‡jeng ‡jfre ‡jkor ‡jpor ‡jspa ‡jtha ‡heng |
| 082 | 0 | 4. | ‡a791.45/75 ‡223 |
| 245 | 0 | 0. | ‡aHouse of cards. ‡nThe complete fifth season / ‡ccreated for television by Beau Willimon ; Trigger Street Productions ; Wade\Thomas Productions ; MRC. |
| 257 | . | ‡aUnited States ‡2naf | |
| 264 | 1. | ‡aCulver City, California : ‡bSony Pictures Home Entertainment, ‡c[2017] | |
| 300 | . | ‡a4 videodiscs (683 min.) : ‡bsound, color ; ‡c4 3/4 in. | |
| 336 | . | ‡atwo-dimensional moving image ‡btdi ‡2rdacontent | |
| 337 | . | ‡avideo ‡bv ‡2rdamedia | |
| 338 | . | ‡avideodisc ‡bvd ‡2rdacarrier | |
| 344 | . | ‡adigital ‡boptical ‡gsurround ‡hDolby digital ‡2rda | |
| 347 | . | ‡avideo file ‡bDVD video ‡eregion 1 ‡2rda | |
| 380 | . | ‡aTelevision program | |
| 490 | 0 | . | ‡aHouse of cards ; ‡vSeason 5 |
| 538 | . | ‡aDVD; region 1; Dolby digital 5.1. | |
| 546 | . | ‡aEnglish or French dialogue; Chinese (Traditional), French, Korean, Portuguese, Spanish, and Thai subtitles; subtitled for the deaf and hard of hearing (SDH). | |
| 511 | 1 | . | ‡aKevin Spacey, Robin Wright, Michael Kelly, Campbell Scott, Patricia Clarkson, Paul Sparks, Derek Cecil, Neve Campbell, Dominique McElligott, Boris McGiver, Korey Jackson, Jayne Atkinson, Colm Feore, Damian Young, James Martinez, Joel Kinnaman. |
| 500 | . | ‡aBased on the novels by Michael Dobbs & the mini-series by Andrew Davies. | |
| 500 | . | ‡aOriginally released on May 30, 2017 as individual episodes on Netflix. | |
| 500 | . | ‡aWide screen. | |
| 520 | . | ‡aIn the midst of the presidential election, tensions mount in the White House as Frank and Claire continue to navigate their political careers and redefine their relationships, particularly with each other. | |
| 650 | 0. | ‡aPoliticians ‡zUnited States ‡vDrama. | |
| 650 | 0. | ‡aPoliticians ‡xCorrupt practices ‡vDrama. | |
| 651 | 0. | ‡aWashington (D.C.) ‡vDrama. | |
| 651 | 0. | ‡aUnited States ‡xPolitics and government ‡vDrama. | |
| 655 | 7. | ‡aTelevision series. ‡2lcgft ‡0(LARL_NWRL_CONSORTIUM)175797 | |
| 655 | 7. | ‡aFiction television programs. ‡2lcgft ‡0(LARL_NWRL_CONSORTIUM)175627 | |
| 655 | 7. | ‡aTelevision adaptations. ‡2lcgft ‡0(LARL_NWRL_CONSORTIUM)175702 | |
| 655 | 7. | ‡aPolitical television programs. ‡2lcgft ‡0(LARL_NWRL_CONSORTIUM)175725 | |
| 690 | . | ‡aClosed-captioned DVDs. | |
| 700 | 1 | . | ‡aWillimon, Beau, ‡ecreator. |
| 700 | 1 | . | ‡aSpacey, Kevin, ‡eactor. ‡0(LARL_NWRL_CONSORTIUM)138716 |
| 700 | 1 | . | ‡aWright, Robin, ‡d1966- ‡eactor. ‡0(LARL_NWRL_CONSORTIUM)109051 |
| 700 | 1 | . | ‡aKelly, Michael, ‡d1969- ‡eactor. ‡0(LARL_NWRL_CONSORTIUM)211069 |
| 700 | 1 | . | ‡aScott, Campbell, ‡eactor. ‡0(LARL_NWRL_CONSORTIUM)141309 |
| 700 | 1 | . | ‡aClarkson, Patricia, ‡eactor. ‡0(LARL_NWRL_CONSORTIUM)140385 |
| 700 | 1 | . | ‡aSparks, Paul, ‡d1971- ‡eactor. |
| 700 | 1 | . | ‡aCecil, Derek, ‡d1973- ‡eactor. |
| 700 | 1 | . | ‡aCampbell, Neve, ‡d1973- ‡eactor. ‡0(LARL_NWRL_CONSORTIUM)142561 |
| 700 | 1 | . | ‡aMcElligott, Dominique, ‡eactor. ‡0(LARL_NWRL_CONSORTIUM)217388 |
| 700 | 1 | . | ‡aMcGiver, Boris, ‡d1962- ‡eactor. |
| 700 | 1 | . | ‡aJackson, Korey, ‡eactor. |
| 700 | 1 | . | ‡aAtkinson, Jayne, ‡eactor. ‡0(LARL_NWRL_CONSORTIUM)144600 |
| 700 | 1 | . | ‡aFeore, Colm, ‡d1958- ‡eactor. |
| 700 | 1 | . | ‡aYoung, Damian, ‡eactor. |
| 700 | 1 | . | ‡aMartinez, James ‡c(Actor), ‡eactor. |
| 700 | 1 | . | ‡aKinnaman, Joel, ‡d1979- ‡eactor. |
| 700 | 1 | . | ‡iTelevision adaptation of (work): ‡aDobbs, Michael, ‡d1948- |
| 710 | 2 | . | ‡aTrigger Street Productions, ‡eproduction company. ‡0(LARL_NWRL_CONSORTIUM)219513 |
| 710 | 2 | . | ‡aWade \ Thomas Productions, ‡eproduction company. |
| 710 | 2 | . | ‡aMedia Rights Capital (Firm), ‡eproduction company. |
| 710 | 2 | . | ‡aSony Pictures Home Entertainment (Firm), ‡epublisher. ‡0(LARL_NWRL_CONSORTIUM)209884 |
| 710 | 2 | . | ‡aNetflix (Firm), ‡ebroadcaster. ‡0(LARL_NWRL_CONSORTIUM)220760 |
| 730 | 0 | . | ‡aHouse of cards (Television program : U.S.). |
| 901 | . | ‡a349326 ‡b ‡c349326 ‡tbiblio | |

Add to basket
Permalink
Enable Highlighting